Výročie útokov neoslabilo burzy
Štatistické údaje o maloobchodnom predaji ovplyvňujú americké obchodovanie viac ako výročie teroristických útokov na Svetové obchodné centrum. Vojna v Iraku neovplyvňuje obchodovanie v Japonsku. V oboch krajinách je možné ekonomické ozdravenie a oživenie hospodárstva.
Guardado en:
| Autor principal: | |
|---|---|
| Formato: | Capítulo de libro |
| Lenguaje: | eslovaco |
| Materias: | |
| Etiquetas: |
Sin Etiquetas, Sea el primero en etiquetar este registro!
|
MARC
| LEADER | 00000naa$a2200000$$$4500 | ||
|---|---|---|---|
| 001 | 0002301 | ||
| 005 | 20230925124049.1 | ||
| 041 | 0 | |a slo | |
| 044 | |a SK | ||
| 245 | 1 | 0 | |a Výročie útokov neoslabilo burzy |c aut. Tomáš Kluge |
| 520 | |a Štatistické údaje o maloobchodnom predaji ovplyvňujú americké obchodovanie viac ako výročie teroristických útokov na Svetové obchodné centrum. Vojna v Iraku neovplyvňuje obchodovanie v Japonsku. V oboch krajinách je možné ekonomické ozdravenie a oživenie hospodárstva. | ||
| 610 | 2 | 0 | |a obchod |
| 610 | 2 | 0 | |a maloobchod |
| 610 | 2 | 0 | |a obchod svetový |
| 610 | 2 | 0 | |a burzy |
| 610 | 2 | 0 | |a oživenie |
| 610 | 2 | 0 | |a terorizmus |
| 610 | 2 | 0 | |a USA |
| 610 | 2 | 0 | |a Japonsko |
| 100 | 1 | |a Kluge, Tomáš | |